Normal view
MARC view
Entry Topical Term
001 - CONTROL NUMBER
- control field: 14787
003 - CONTROL NUMBER IDENTIFIER
- control field: ARRUPE
005 - DATE AND TIME OF LATEST TRANSACTION
- control field: 20150129145616.0
008 - FIXED-LENGTH DATA ELEMENTS
- fixed length control field: 150129|| aca||aabn | a|a d
040 ## - CATALOGING SOURCE
- Original cataloging agency: ARRUPE
- Transcribing agency: ARRUPE
150 ## - HEADING--TOPICAL TERM
- Topical term or geographic name as entry element: Greater kudu
- Geographic subdivision: Zimbabwe
- Geographic subdivision: Zimunya.
670 ## - SOURCE DATA FOUND
- Source citation: Work cat.: (ARRUPE)0: Nhamo, Ancila. 14785, Out of the labyrinth :, 2007.